01500nam a2200325 i 4500003000900000005001700009007000300026008004100029040003000070082001800100245028600118264005600404300005600460336002700516337003400543338002800577700004200605700002900647700004500676700003500721700003500756700003200791700003600823700003500859700003600894710007600930710004601006710006201052710006001114DO-SdBNP20240715092554.0ta110413s1999 dr ao 000 0 spa d aDO-SdBNPbspacBNPHUerda axxxbxxxx22200aAgenda para el desarrollo de Sabana Perdida: belaborada mediante un proceso de formación, diagnostico y concertaciòn entre organizaciones de la comunidad /cfacilitadores José Mieses Michel, Jorge Cela, Ricardo González Camacho, Xiomara García, Octavio Figueroa y otros  1aSanto Domingo :bACOPRO,bPID,bPUCMMbUSAIDc1999. a56 páginas bilustraciones, fotografíasc21 cm. 2rdacontentatextobtxt 2rdamediaasin mediación bn 2rdacarrieravolumenbnc1 aSilié, Rubén,d1946-efacilitador1 aCela, Jorgeefacilitador1 aGonzález Camacho, Ricardoefacilitador1 aGarcía, Xiomaraefacilitador1 aFigueroa, Octavioefacilitador1 aAbréu, Fabioefacilitador1 aHernández, Pedroefacilitador1 aRamírez, Manuelefacilitador1 aVanhecke, Bernardoefacilitador1 aOrganización de servicios sociales en República Dominicana (ACOPRO)1 aProyectos Ingeniería y Desarrollo (PID)1 aPontificia Universidad Católica Madre y Maestra (PUCMM) aEstados Unidos .b Agency for International Development